000
00195 a2200097 4500
001
30517
100
_a
Howe
245
_a
How to study
260
_a
London
_b
Kogan Page
_c
090
_c
20448
_d
20448
942
_a
NUST-CAE
_c
M
_c
11612
999
_c
265590
_d
265590